000 00313nam a22001457a 4500
008 221205b ||||| |||| 00| 0 eng d
020 _a9781439046920
041 _aeng
080 _24 EDITION
_a51
082 _a51STE
100 _a20.1
101 _aMATE
245 _aCALCULUS
_cSTEWART J
942 _2udc
_cBK
999 _c59097
_d59097